000 00636nam a2200265Ia 4500
005 20260121165530.0
008 008 260114s9999 xx 000 0 eng d
020 _a9784431557531
037 _aEBOOK
040 _aCRL
040 _beng
040 _cCRL
041 _2eng
041 _aeng
084 _qCRL
100 _aToshiaki Tachibanaki
_91052886
245 0 _aAdvances in Happiness Research
260 _bSpringer
260 _bSpringer
260 _c2016
856 _uhttps://link.springer.com/openurl?genre=book&isbn=978-4-431-55753-1
942 _cEBOOK
999 _c1618612
_d1618612